MARC

Tag First Indicator Second Indicator Subfields
LEADER 00000cjm a2200000 a 4500
001 in00002785878
005 20151202171600.0
007 sd fungnnmmned
008 090130s2007 caumunn n eng d
010 |a  2009601614 
019 |a 123132190 
024 1 |a 780163391121 
028 0 2 |a LKS 339112  |b Lakeshore 
035 |a (OCoLC)ocn178990169 
035 |a (OCoLC)178990169  |z (OCoLC)123132190 
037 |b Midwest Tape  |n http://www.midwesttapes.com 
040 |a TEFMT  |b eng  |c TEFMT  |d DLC  |d TEF  |d BTCTA  |d OCLCQ  |d TXA  |d UtOrBLW 
042 |a lccopycat 
047 |a mp  |a pp  |a rc 
049 |a TXAM 
050 1 4 |a M1527  |b .D57 2007 
082 0 4 |a 781.542  |2 22 
090 |a M1527  |b .D47 2007 
245 0 0 |a Disturbia :  |b original motion picture soundtrack. 
264 1 |a [Beverly Hills, Calif.] :  |b Lakeshore,  |c [2007] 
264 4 |c ℗2007 
300 |a 1 sound disc :  |b digital ;  |c 4 3/4 in. 
336 |a performed music  |b prm  |2 rdacontent 
337 |a audio  |b s  |2 rdamedia 
338 |a audio disc  |b sd  |2 rdacarrier 
500 |a Compact disc. 
511 0 |a Various performers. 
505 0 0 |t Always love  |r (Nada Surf) --  |t Don't make me wait  |r (This World Fair) --  |t One man wrecking machine  |r (Guster) --  |t Whoa now  |r (Louque) --  |t Gangsta boogie  |r (Love Stink) --  |t Next to you  |r (Buckcherry) --  |t Because I got high  |r (Afroman) --  |t We love reggae  |r (Noiseshaper) --  |t Great American napkin  |r (Summer Skinny) --  |t Dream  |r (Priscilla Ahn) --  |t Lovin' you  |r (Minnie Riperton) --  |t You'll never find another love like mine  |r (Lou Rawls). 
500 |a Sound recording. 
650 0 |a Motion picture music. 
655 7 |a Film soundtracks.  |2 lcgft 
655 7 |a Motion picture music.  |2 lcgft 
655 7 |a Alternative rock music.  |2 lcgft 
700 1 |a Louque, Dustan. 
700 1 |a Ahn, Priscilla. 
700 1 |a Riperton, Minnie. 
700 1 |a Rawls, Lou. 
700 0 |a Afroman,  |d 1974- 
710 2 |a Nada Surf (Musical group) 
710 2 |a This World Fair (Musical group) 
710 2 |a Guster (Musical group) 
710 2 |a Love Stink (Musical group) 
710 2 |a Buckcherry (Musical group) 
710 2 |a Noiseshaper (Musical group) 
710 2 |a Summer Skinny (Musical group) 
948 |a cataloged  |b h  |c 2012/12/5  |d c  |e jstorlie  |f 9:59:32 am 
994 |a C0  |b TXA 
999 |a MARS 
999 f f |s 5d141be6-8190-39bd-9ccc-5aefdf015efb  |i 1bb5639b-9a10-30e3-bdcd-8e28ab2cda7d  |t 0 
952 f f |p ric  |a Texas A&M University  |b Rellis Campus  |c Joint Library Facility  |d Remote Storage  |t 0  |e M1527 .D47 2007  |h Library of Congress classification  |i audio -- audio disc  |m A14841621210 
998 f f |a M1527 .D47 2007  |t 0  |l Remote Storage